| 000 -LEADER |
| fixed length control field |
00676nam a22002297a 4500 |
| 001 - CONTROL NUMBER |
| control field |
19196 |
| 003 - CONTROL NUMBER IDENTIFIER |
| control field |
BD-DhUAP |
| 005 - DATE AND TIME OF LATEST TRANSACTION |
| control field |
20200216141342.0 |
| 008 - FIXED-LENGTH DATA ELEMENTS--GENERAL INFORMATION |
| fixed length control field |
200216r20142013ii af 001 0 eng |
| 020 ## - INTERNATIONAL STANDARD BOOK NUMBER |
| International Standard Book Number |
9788171772667 |
| 040 ## - CATALOGING SOURCE |
| Original cataloging agency |
DLC |
| Transcribing agency |
DLC |
| Modifying agency |
BD-DhUAP |
| Language of cataloging |
Eng |
| 082 00 - DEWEY DECIMAL CLASSIFICATION NUMBER |
| Edition number |
23 |
| Classification number |
347.54072 MOG |
| 100 1# - MAIN ENTRY--PERSONAL NAME |
| Personal name |
Mogha, P. C. |
| Fuller form of name |
(Phul Chand) |
| 245 14 - TITLE STATEMENT |
| Title |
The law of pleadings in India, with precedents / |
| Statement of responsibility, etc. |
by P. C. Mogha. |
| 250 ## - EDITION STATEMENT |
| Edition statement |
19th ed. |
| 260 ## - PUBLICATION, DISTRIBUTION, ETC. |
| Place of publication, distribution, etc. |
Calcutta : |
| Name of publisher, distributor, etc. |
Eastern Law House, |
| Date of publication, distribution, etc. |
2013 [Reprinted 2014]. |
| 300 ## - PHYSICAL DESCRIPTION |
| Extent |
xxxiv, 1105 pages ; |
| Dimensions |
25 cm. |
| 500 ## - GENERAL NOTE |
| General note |
Includes index. |
| 650 #0 - SUBJECT ADDED ENTRY--TOPICAL TERM |
| Topical term or geographic name entry element |
Pleading |
| Geographic subdivision |
India. |
| 740 0# - ADDED ENTRY--UNCONTROLLED RELATED/ANALYTICAL TITLE |
| Uncontrolled related/analytical title |
Mogha's law of pleadings. |
| 942 ## - ADDED ENTRY ELEMENTS (KOHA) |
| Source of classification or shelving scheme |
|
| Koha item type |
Book |